UM Logo

The science of happiness: (Record no. 3056)

MARC details
000 -LEADER
fixed length control field 00560nam a22001577a 4500
008 - FIXED-LENGTH DATA ELEMENTS--GENERAL INFORMATION
fixed length control field 160613b xxu||||| |||| 00| 0 eng d
020 ## - INTERNATIONAL STANDARD BOOK NUMBER
International Standard Book Number 9781594773204
082 ## - DEWEY DECIMAL CLASSIFICATION NUMBER
Edition number 2009
Classification number DC 299.93
Item number Ok14s
100 ## - MAIN ENTRY--PERSONAL NAME
9 (RLIN) 10197
Personal name Okawa, Ryuho
245 ## - TITLE STATEMENT
Title The science of happiness:
Remainder of title 10 principles for manifesting your divine nature/
Statement of responsibility, etc. Ryuho Okawa.
260 ## - PUBLICATION, DISTRIBUTION, ETC. (IMPRINT)
Place of publication, distribution, etc. Rochester, Vermont:
Name of publisher, distributor, etc. Destiny Books,
Date of publication, distribution, etc. c2009.
300 ## - PHYSICAL DESCRIPTION
Extent xii, 179 pages;
Dimensions 23 cm.
650 #0 - SUBJECT ADDED ENTRY--TOPICAL TERM
9 (RLIN) 10198
Topical term or geographic name as entry element Kōfuku no Kagaku (Organization)
650 #0 - SUBJECT ADDED ENTRY--TOPICAL TERM
9 (RLIN) 10199
Topical term or geographic name as entry element Happiness
General subdivision Religious aspects
942 ## - ADDED ENTRY ELEMENTS (KOHA)
Source of classification or shelving scheme Dewey Decimal Classification
Koha item type Circulation
Holdings
Withdrawn status Lost status Source of classification or shelving scheme Damaged status Not for loan Collection code Home library Current library Shelving location Date acquired Source of acquisition Total Checkouts Full call number Barcode Date last seen Date last checked out Price effective from Koha item type
    Dewey Decimal Classification     Circulation UM Digos College - LIC UM Digos College - LIC Book Cart 03/01/2014 Donation 2 DC 299.93 Ok14s 2009 22276 12/01/2025 11/24/2025 06/13/2016 Circulation